[Event "BEL-chT 0910"]
[Site "Belgium"]
[Date "2009.10.18"]
[Round "2"]
[White "Brasselle, Andre"]
[Black "Soors, Stef"]
[Result "0-1"]
[WhiteElo "1847"]
[BlackElo "2222"]
[PlyCount "70"]
[EventDate "2009.09.27"]
[EventType "team-tourn"]
[EventRounds "11"]
[EventCountry "BEL"]
[SourceTitle "EXT 2011"]
[Source "ChessBase"]
[SourceDate "2010.11.26"]
[SourceVersion "1"]
[SourceVersionDate "2010.11.26"]
[SourceQuality "1"]
[WhiteTeam "Charleroi CREC"]
[BlackTeam "Wirtzfeld"]
[WhiteTeamCountry "BEL"]
[BlackTeamCountry "BEL"]

1. d4 Nf6 2. Nf3 g6 3. g3 Bg7 4. Bg2 0-0 5. 0-0 d6 6. c4 Nc6 7. Nc3 a6 8. d5 Na5 9. Nd2 c5 10. e4 b5 11. Re1 Bg4 12. Qc2 Qd7 13. f4 Rab8 14. Nd1 Bxd1 15. Qxd1 bxc4 16. Nf3 Qc7 17. e5 Nd7 18. Qe2 Nb6 19. e6 f5 20. Ng5 Na4 21. Nf7 Nxb2 22. Nh6+ Bxh6 23. Bxb2 Rxb2 24. Qxb2 Bg7 25. Qa3 Bxa1 26. Rxa1 Qb6 27. Qa4 Qb4 28. Qc2 Rb8 29. Rc1 Qb2 30. Bf1 Qd4+ 31. Kh1 Rb2 32. Qa4 Qe4+ 33. Kg1 Qe3+ 34. Kh1 Qf3+ 35. Kg1 Qf2+ 0-1

[Event "BEL-ch U20"]
[Site "Worriken Buetgenbach"]
[Date "2004.04.06"]
[Round "4.2"]
[White "Brasselle, Andre"]
[Black "Vanderhallen, Nicolas"]
[Result "1-0"]
[WhiteElo "1828"]
[BlackElo "2073"]
[PlyCount "89"]
[EventDate "2004.04.03"]
[EventType "swiss"]
[EventRounds "9"]
[EventCountry "BEL"]
[SourceTitle "CBM 099 Extra"]
[Source "ChessBase"]
[SourceDate "2004.05.04"]
[SourceVersion "1"]
[SourceVersionDate "2004.05.04"]
[SourceQuality "1"]

1. Nf3 Nf6 2. c4 g6 3. g3 Bg7 4. Bg2 0-0 5. 0-0 d6 6. d4 Nbd7 7. Nc3 c5 8. Qc2 a6 9. Rd1 Qc7 10. b3 Rb8 11. a4 Rd8 12. Ba3 cxd4 13. Nxd4 Ne5 14. Rac1 Bd7 15. h3 Rdc8 16. Qb1 Nc6 17. Nd5 Qd8 18. Nc2 Nxd5 19. Bxd5 Bxh3 20. c5 e6 21. Bxc6 bxc6 22. Rxd6 Qe8 23. Ne3 Bf5 24. Nxf5 exf5 25. e3 Be5 26. Rd3 h5 27. Qc2 Qe7 28. Qc4 a5 29. Rcd1 Rc7 30. b4 axb4 31. Bxb4 Rcb7 32. Ba5 Rb1 33. Bb6 Rxd1+ 34. Rxd1 Bc7 35. a5 Bxb6 36. axb6 Qb7 37. Qd4 Kf8 38. Qf6 Ke8 39. Rd6 Rc8 40. Qh8+ Ke7 41. Qg7 h4 42. Qf6+ Ke8 43. Qh8+ Ke7 44. Qxh4+ Ke8 45. Rxg6 1-0

[Event "BEL-ch U20"]
[Site "Worriken Buetgenbach"]
[Date "2004.04.05"]
[Round "3.4"]
[White "Noiroux, Kevin"]
[Black "Brasselle, Andre"]
[Result "1-0"]
[WhiteElo "2123"]
[BlackElo "1828"]
[PlyCount "87"]
[EventDate "2004.04.03"]
[EventType "swiss"]
[EventRounds "9"]
[EventCountry "BEL"]
[SourceTitle "CBM 099 Extra"]
[Source "ChessBase"]
[SourceDate "2004.05.04"]
[SourceVersion "1"]
[SourceVersionDate "2004.05.04"]
[SourceQuality "1"]

1. d4 Nf6 2. c4 g6 3. Nc3 Bg7 4. e4 d6 5. Nf3 0-0 6. Be2 e5 7. 0-0 Nc6 8. d5 Ne7 9. Ne1 Ne8 10. Be3 f5 11. f3 f4 12. Bf2 g5 13. c5 Ng6 14. a4 Nf6 15. a5 h5 16. Rc1 Bh6 17. Nb5 Rf7 18. cxd6 cxd6 19. Nxa7 Bd7 20. Bb6 Qf8 21. Bb5 g4 22. Bxd7 Nxd7 23. Nb5 Nxb6 24. axb6 Nh4 25. Rc7 Rg7 26. Rxg7+ Qxg7 27. Kh1 Ra5 28. Nxd6 Qd7 29. Nc4 Qb5 30. Qd3 Ra1 31. d6 Bg5 32. d7 Bd8 33. b3 Qc5 34. Qe2 Ng6 35. fxg4 hxg4 36. Qxg4 Qf2 37. Qxg6+ Kf8 38. Qe8+ Kg7 39. Qxe5+ Bf6 40. Qxf6+ Kxf6 41. d8Q+ Kf7 42. Ne5+ Kg7 43. Qe7+ Kh6 44. Ng4+ 1-0

[Event "BEL-ch U20"]
[Site "Worriken Buetgenbach"]
[Date "2004.04.04"]
[Round "2.3"]
[White "Brasselle, Andre"]
[Black "De Moyer, Karel"]
[Result "0-1"]
[WhiteElo "1828"]
[BlackElo "1922"]
[PlyCount "86"]
[EventDate "2004.04.03"]
[EventType "swiss"]
[EventRounds "9"]
[EventCountry "BEL"]
[SourceTitle "CBM 099 Extra"]
[Source "ChessBase"]
[SourceDate "2004.05.04"]
[SourceVersion "1"]
[SourceVersionDate "2004.05.04"]
[SourceQuality "1"]

1. c4 Nf6 2. Nc3 d6 3. g3 e5 4. Bg2 Nbd7 5. Nf3 g6 6. d4 Bg7 7. e4 0-0 8. 0-0 Qe7 9. Re1 exd4 10. Nxd4 Ne5 11. h3 Nfd7 12. Nd5 Qd8 13. Qe2 Nc5 14. Rd1 Be6 15. b4 Ncd7 16. Rb1 Nf6 17. Ne3 Qe7 18. f4 Nc6 19. Nxc6 bxc6 20. b5 c5 21. e5 dxe5 22. f5 Bd7 23. Bxa8 Rxa8 24. Qg2 Re8 25. fxg6 hxg6 26. Ba3 Be6 27. Nd5 Nxd5 28. cxd5 Bd7 29. Qf2 e4 30. Kh2 e3 31. Qe2 Qg5 32. Bxc5 Be5 33. Qg2 Bc3 34. h4 Qg4 35. Rd3 Bf5 36. Rxc3 Bxb1 37. Rxe3 Rxe3 38. Bxe3 Be4 39. Qd2 Qf3 40. Kh3 Qh1+ 41. Qh2 Bf5+ 42. g4 Bxg4+ 43. Kg3 Qf3# 0-1